| 000 | 00661nam a2200241Ia 4500 | ||
|---|---|---|---|
| 003 | OSt | ||
| 005 | 20220926014515.0 | ||
| 006 | a|||||r|||| 00| 0 | ||
| 007 | ta | ||
| 008 | 220923b |||||||| |||| 00| 0 eng d | ||
| 037 | _cGeneral Book | ||
| 040 |
_aRTL _cRTL _beng |
||
| 041 |
_2eng _aeng |
||
| 082 | _aY48.73.N6, L0 | ||
| 100 |
_aKahn Si _9320746 |
||
| 245 | 0 |
_aHow people get power _b Organizing oppressed communi |
|
| 260 |
_aNew York _bMcGraw-Hill _c1970 |
||
| 300 |
_axi, 128p _ccm. |
||
| 500 | _aBibliography: P 125-27 | ||
| 650 | _aElites | ||
| 942 |
_hY48.73.N6, L0 _cGB _2CC |
||
| 999 |
_c629212 _d629212 |
||